00482nam a22001457a 4500003000400000005001700004008004100021020001800062050002600080082002300106245011400129260005400243300002100297650001800318OSt20190622080816.0130911t xxu||||| |||| 00| 0 eng d a9780521013338 aPE 1128b.C178a3 2006 aIB 371.2bC14 2002 aCambridge IELTS with answers edition 3 :bexamination papers from university of cambridge ESOL examinations / aNew York : bCambridge University Press, cc2002. a172 p. ;c25 cm. a Examinations